000 00365nam a2200145Ia 4500
005 20251222144845.0
008 251222s9999||||xx |||||||||||||| ||spa||
020 _a9789972573811
082 _a332.41/G67
100 _aGonzales Izquerdo, Jorge
245 0 _aSobre la Curva de Phillips:
250 _a1ra.ed.
264 _bUniversidad del PacĂ­fico
942 _cLIB
999 _c21368
_d21368